<?xml version="1.0" encoding="UTF-8"?>
<record
    xmlns:xsi="http://www.w3.org/2001/XMLSchema-instance"
    xsi:schemaLocation="http://www.loc.gov/MARC21/slim http://www.loc.gov/standards/marcxml/schema/MARC21slim.xsd"
    xmlns="http://www.loc.gov/MARC21/slim">

  <leader>01417nam a2200205Ia 4500</leader>
  <controlfield tag="001">b5188-34314 </controlfield>
  <controlfield tag="003">IT-MiCISF</controlfield>
  <controlfield tag="008">161014s9999||||xx |||||||||||||| ||und||</controlfield>
  <datafield tag="040" ind1=" " ind2=" ">
    <subfield code="a">IT-MiCISF</subfield>
    <subfield code="c">IT-MiCISF</subfield>
  </datafield>
  <datafield tag="041" ind1=" " ind2=" ">
    <subfield code="a">it</subfield>
  </datafield>
  <datafield tag="100" ind1=" " ind2=" ">
    <subfield code="a">Bonetti Renzo (a cura di)</subfield>
  </datafield>
  <datafield tag="245" ind1=" " ind2="0">
    <subfield code="a">La reciprocit&#xE0; uomo-donna</subfield>
    <subfield code="b">Via di spiritualit&#xE0; coniugale e familiare</subfield>
  </datafield>
  <datafield tag="250" ind1=" " ind2=" ">
    <subfield code="a">1a ed.</subfield>
  </datafield>
  <datafield tag="260" ind1=" " ind2=" ">
    <subfield code="a"> Roma</subfield>
    <subfield code="b">Citt&#xE0; Nuova</subfield>
    <subfield code="c">2001</subfield>
  </datafield>
  <datafield tag="300" ind1=" " ind2=" ">
    <subfield code="a">pp. 520</subfield>
  </datafield>
  <datafield tag="500" ind1=" " ind2=" ">
    <subfield code="a">Scola A., Bartolini E., Torti Mazzi R., Santorsola L., Giuliodori C., Mazzanti G., Di Nicola G.P., Danese A., Zattoni M., Gillini G., Rocchetta C., Aliotta M., Castellano Cervera J., Crociani L., Lora M. &amp; M., Pilloni F., Valentini N., Gobbi L., Verdon T. / pastorale-familiare, spiritualit&#xE0;-coniugale, spiritualit&#xE0;-familiare, bibbia, differenza-sessuale, teologia, religioni-non-cristiane / Risultato della quinta Settimana Nazionale di studi sulla spiritualit&#xE0; coniugale e familiare, incentrata sulla reciprocit&#xE0; uomo-donna colti nella loro differenza originaria, il volume offre una vasta panoramica di opinioni e proposte per uno stimolante dibattito su un tema cos&#xEC; importante per i cristiani di oggi. Tra i principali autori: E. Bartolini, A. Danese, G. P. Di Nicola, G. Gillini, M. Zattoni, C. Giuliodori, G. Mazzanti, C. Rocchetta, A. Scola. </subfield>
  </datafield>
  <datafield tag="650" ind1=" " ind2=" ">
    <subfield code="a"> Temi di pastorale / pastorale-familiare</subfield>
    <subfield code="e">012</subfield>
  </datafield>
  <datafield tag="942" ind1=" " ind2=" ">
    <subfield code="c">BK</subfield>
  </datafield>
  <datafield tag="957" ind1=" " ind2=" ">
    <subfield code="7">1</subfield>
  </datafield>
  <datafield tag="999" ind1=" " ind2=" ">
    <subfield code="a">34314</subfield>
    <subfield code="b">si</subfield>
    <subfield code="g">1</subfield>
    <subfield code="c">211990</subfield>
    <subfield code="d">211990</subfield>
  </datafield>
  <datafield tag="952" ind1=" " ind2=" ">
    <subfield code="0">0</subfield>
    <subfield code="1">0</subfield>
    <subfield code="4">0</subfield>
    <subfield code="6">B_518834314</subfield>
    <subfield code="7">1</subfield>
    <subfield code="a">CISF</subfield>
    <subfield code="b">CISF</subfield>
    <subfield code="d">2016-10-14</subfield>
    <subfield code="l">0</subfield>
    <subfield code="o">b5188-34314 </subfield>
    <subfield code="r">2016-10-14 00:00:00</subfield>
    <subfield code="w">2016-10-14</subfield>
    <subfield code="y">BK</subfield>
    <subfield code="z">Data import 15.10.2016 / by Epidotti, Vaglietti</subfield>
  </datafield>
</record>
